Zenei élmények az óvodában és a családban
Elmentve itt :
| Szerző: | |
|---|---|
| Dokumentumtípus: | Könyv része |
| Megjelent: |
SZTE JGYPK Művészeti Intézet Ének-zene Tanszék
Szeged
2012
|
| Sorozat: | A Juhász Gyula Pedagógusképző Kar Ének-Zene Tanszékének kiadványai
Liszt - Mahler : tanulmánykötet Nemzetközi Zenei Konferencia |
| Kulcsszavak: | Zenei nevelés - óvodai, Zenepedagógia |
| Tárgyszavak: | |
| Online Access: | http://acta.bibl.u-szeged.hu/76697 |
| LEADER | 00923naa a2200229 i 4500 | ||
|---|---|---|---|
| 001 | acta76697 | ||
| 005 | 20260312150708.0 | ||
| 008 | 221015s2012 hu o 100 hun d | ||
| 020 | |a 978 963 9927 46 9 | ||
| 040 | |a SZTE Egyetemi Kiadványok Repozitórium |b hun | ||
| 041 | |a hun | ||
| 100 | 1 | |a Szeri Istvánné | |
| 245 | 1 | 0 | |a Zenei élmények az óvodában és a családban |h [elektronikus dokumentum] / |c Szeri Istvánné |
| 260 | |a SZTE JGYPK Művészeti Intézet Ének-zene Tanszék |b Szeged |c 2012 | ||
| 300 | |a 186-188 | ||
| 490 | 0 | |a A Juhász Gyula Pedagógusképző Kar Ének-Zene Tanszékének kiadványai | |
| 490 | 0 | |a Liszt - Mahler : tanulmánykötet | |
| 490 | 0 | |a Nemzetközi Zenei Konferencia | |
| 650 | 4 | |a Társadalomtudományok | |
| 650 | 4 | |a Oktatástudomány | |
| 695 | |a Zenei nevelés - óvodai, Zenepedagógia | ||
| 856 | 4 | 0 | |u http://acta.bibl.u-szeged.hu/76697/1/enek_zene_tanszek_2012_186-188.pdf |z Dokumentum-elérés |